Biggest Coastal Urban Areas in The U.S. - Statistics

General Stats
  • This quiz has been taken 92 times
  • The average score is 11 of 15
Answer Stats
Hint Answer % Correct
12M Los Angeles
99%
4.9M Miami
99%
19M New York
99%
4.4M San Francisco
99%
4.2M Boston
96%
3.1M Tampa
94%
3.2M San Diego
92%
1.3M Jacksonville
83%
1.5M Norfolk/Virginia Beach
78%
1.0M Honolulu
67%
800k Charleston
56%
1.0M Bridgeport
42%
870k New Haven
42%
840k Oxnard
22%
830k Sarasota
21%
No matching quizzes found
Score Distribution
Percent of People with Each Score
Percentile by Number Answered
Your Score History
You have not taken this quiz